00714nam a2200205Ia 4500001000900000003000500009008004100014010001100055040000900066100002400075245012600099260008700225300001800312410003600330650002000366650001800386700000500404700002700409710007200436Para_322CHAP220125s1987 xx 000 0 und d a199077 cCHAP aArguello M., Carlos aEl barrenador de la corteza de los frutales en el noroeste de Chihuahua /c por Carlos Arguello M. y Domingo Hernandez S aCuauhtémoc, Chih. :b INIFAP. Campo Agrícola Experimental Sierra de Chihuahua a1 h. plegable adesplegable para productores; 4 aFruta x Plagas aPhloeotribus  a aHernandez S., Domingo  aINIFAP. México. Campo Agrícola Experimental Sierra de Chihuahua